La Turquie par images - Statistiques

Statistiques générales
  • Ce quiz a été pris 4 836 fois
    4 803 depuis la dernière actualisation
  • Le résultat moyen est 10 sur 18
Statistiques - réponses
Par images Hint Réponse % Correct
Ville Istanbul
97%
Plat Kebab
96%
Capitale Ankara
93%
Ancien pays Empire ottoman
86%
Président Recep Tayyip Erdoğan
86%
Peuple Kurdes
66%
Mosquée Mosquée Sainte-Sophie
62%
Confiserie Loukoum
56%
Train Orient-Express
52%
Monnaie Lire
49%
Homme politique Mustafa Kemal Atatürk
49%
Zone georgraphique Anatolie
38%
Ville Izmir
38%
Boisson Raki
37%
Détroit Détroit des Dardanelles
28%
Plat Menemen
17%
Instrument de musique Zurna
9%
Film Tintin et le Mystère de la Toison d'or
7%
Aucun quiz correspondant
Distribution des résultats
% des personnes avec chaque résultat
Percentile par nombre de réponses
Votre historique - résultats
Vous n’avez pas pris ce quiz depuis la dernière actualisation